000 01283cam a22003014a 4500
001 13658614
003 OSt
005 20180117085950.0
008 040719s2006 nyua b 001 0 eng
010 _a 2004055979
020 _a0072957115 (softcover : alk. paper)
040 _aDLC
_cDLC
_dDLC
042 _apcc
050 0 0 _aP90
_b.R596 2006
082 0 0 _a302.23
_222
100 1 _aRodman, George R.,
_d1948-
245 1 0 _aMass media in a changing world :
_bhistory, industry, controversy /
_cGeorge Rodman.
250 _a1st ed.
260 _aNew York :
_bMcGraw-Hill,
_cc2006.
300 _axxviii, 593 p. :
_bill. (some col.) ;
_c28 cm. +
_e1 CD-Rom (4 3/4 in.)
504 _aIncludes bibliographical references and index.
650 0 _aMass media.
906 _a7
_bcbc
_corignew
_d1
_eocip
_f20
_gy-gencatlg
942 _2ddc
_cBK
999 _c2826
_d2826